Click to translate Fijian - Statistics

General Stats
  • This quiz has been taken 68 times
  • The average score is 10 of 17
Answer Stats
Hint Answer % Correct
yes io
79%
Fiji viti
79%
hello, welcome bula
75%
thank you, good vinaka
71%
sick, dead mate
64%
five lima
61%
fish ika
57%
sacred, forbidden tabu
57%
lady marama
54%
bowl tanoa
50%
dog koli
46%
mosquito namu
46%
coconut niu
46%
no sega
46%
land vanua
46%
big levu
43%
long balavu
39%
No matching quizzes found
Score Distribution
Percent of People with Each Score
Percentile by Number Answered
Your Score History
You have not taken this quiz